000 003600000a22001450004500
020 _a0-7899-1260-0
082 0 4 _aG CT L850r
100 1 _aLong Bostrom, Kathleen
245 1 0 _a¿Que es la oracíon? / Kathleen Long Bostrom, il. : Elena Kucharik
260 _aMiami : Unilit
300 _a73 P.
650 1 4 _aLiteratura Infantil
001 84
942 _cLGB
999 _c47342
_d47342